Statistiques concernant Trouvez le pays

Cliquez ici pour prendre le quiz!

Statistiques générales

  • Ce quiz a été pris 164 fois
  • Le résultat moyen est 8 sur 20

Statistiques - réponses

Pays% Correct
Lieu de naissance de Justin BieberCanada
92%
La Mecque se trouve dans ce paysArabie Saoudite
73%
Lieu de naissance de ShakiraColombie
67%
Berceau de la révolution arabeTunisie
66%
Entièrement encerclé par le SénégalGambie
55%
Dharavi est un des bidonvilles les plus importantsInde
54%
Vainqueur de l'Euro de football 2004Grèce
52%
Dernier pays à entrer dans l'Union EuropéenneCroatie
42%
Un tremblement de terre y a eu lieu en 2010 faisant des centaines de milliers de mortsHaïti
41%
Lieu de mort de Ben LadenPakistan
38%
Pays d'origine du club de football ayant eut un drame aérien en 2016Brésil
37%
Premier exportateur de pommes de terreChine
36%
Dernier vainqueur de la coupe du monde de cricketAustralie
24%
Le plus grand stade du monde se trouve dans sa capitaleCorée du Nord
21%
Pays d'origine de l'entreprise FlixbusAllemagne
20%
Premier pays européen à abolir l'esclavagePortugal
20%
Premier pays à accorder le droit de vote aux femmesNouvelle-Zélande
19%
Le plus chaud du mondeLibye
15%
Le moins visité au moinsNauru
10%
Plus haut taux de suicidesSri Lanka
4%

Distribution des résultats

Percentile par nombre de réponses

% des personnes avec chaque résultat

Votre développement - résultats

Vous n’avez pas pris ce quiz